Textbook of veterinary parasitology

保存先:
書誌詳細
第一著者: Levine, Norman D.
フォーマット: 図書
言語:Undetermined
出版事項: Minneapolis Burgess Pub. Co. 1978
主題:
タグ: タグ追加
タグなし, このレコードへの初めてのタグを付けませんか!
Thư viện lưu trữ: Trung tâm Học liệu Trường Đại học Cần Thơ
LEADER 00466nam a2200169Ia 4500
001 CTU_126131
008 210402s9999 xx 000 0 und d
082 |a 636.089696 
082 |b L665 
100 |a Levine, Norman D. 
245 0 |a Textbook of veterinary parasitology 
260 |a Minneapolis 
260 |b Burgess Pub. Co. 
260 |c 1978 
650 |a Veterinary parasitology 
904 |i Nguyên 
980 |a Trung tâm Học liệu Trường Đại học Cần Thơ